000 00362nam a2200145Ia 4500
008 230917s9999||||xx |||||||||||||| ||und||
040 _e47784
_aMAIN
041 _aEnglish
082 _a843.09 P465F
100 _aPeyre, Henri
245 0 _aFrench novelist of today
260 _aLondon
_bOxford University Press
_c1967
300 _axii, 483 p.
942 _cBK
999 _c215978
_d215978